|
|
|
|
| LEADER |
02008nam a2200577 a 4500 |
| 001 |
nkc20132522545 |
| 003 |
CZ PrNK |
| 005 |
20140107090935.0 |
| 007 |
ta |
| 008 |
131127s2013 xr a e 000 0dcze |
| 015 |
|
|
|a cnb002522545
|
| 020 |
|
|
|a 978-80-87334-19-5
|q (brož.)
|
| 035 |
|
|
|a (OCoLC)867822270
|
| 040 |
|
|
|a BOA001
|b cze
|
| 043 |
|
|
|a e-xr---
|b e-xr-mr
|2 czenas
|
| 072 |
|
7 |
|a 398
|x Folklor. Lidové tradice
|2 Konspekt
|9 1
|
| 080 |
|
|
|a 398.332.416:745.5
|2 MRF
|
| 080 |
|
|
|a 745.5.031.4.077
|2 MRF
|
| 080 |
|
|
|a 398.332.416
|2 MRF
|
| 080 |
|
|
|a 821.162.3-32
|2 MRF
|
| 080 |
|
|
|a (437.32-18)
|2 MRF
|
| 080 |
|
|
|a (048.8)
|2 MRF
|
| 080 |
|
|
|a (084.12)
|2 MRF
|
| 080 |
|
|
|a (0:82-32)
|2 MRF
|
| 100 |
1 |
|
|a Sobotka, Richard,
|d 1935-
|7 jk01120270
|4 aut
|
| 245 |
1 |
0 |
|a Betlémy :
|b věčná inspirace /
|c Richard Sobotka
|
| 246 |
1 |
8 |
|a Betlémy - věčná inspirace
|
| 250 |
|
|
|a Vyd. 1.
|
| 260 |
|
|
|a Rožnov pod Radhoštěm :
|b Městská knihovna v Rožnově pod Radhoštěm,
|c 2013
|
| 300 |
|
|
|a 103 s. :
|b il. (některé barev.) ;
|c 20 cm
|
| 500 |
|
|
|a 500 výt.
|
| 504 |
|
|
|a Obsahuje bibliografii
|
| 650 |
0 |
7 |
|a betlémy
|7 ph118817
|z Česko
|2 czenas
|
| 650 |
0 |
7 |
|a betlemáři
|7 ph139235
|z Česko
|2 czenas
|
| 650 |
0 |
7 |
|a vánoční zvyky
|7 ph137511
|z Česko
|2 czenas
|
| 650 |
0 |
9 |
|a crib in christian art and tradition
|z Czechia
|2 eczenas
|
| 650 |
0 |
9 |
|a crib makers
|z Czechia
|2 eczenas
|
| 650 |
0 |
9 |
|a Christmas customs
|z Czechia
|2 eczenas
|
| 651 |
|
7 |
|a Valašsko (Česko)
|7 ge131229
|2 czenas
|
| 651 |
|
9 |
|a Valašsko (Czechia)
|2 eczenas
|
| 655 |
|
7 |
|a přehledy
|7 fd133202
|2 czenas
|
| 655 |
|
7 |
|a fotografické publikace
|7 fd132276
|2 czenas
|
| 655 |
|
7 |
|a české povídky
|7 fd133971
|2 czenas
|
| 655 |
|
9 |
|a surveys
|2 eczenas
|
| 655 |
|
9 |
|a photographical works
|2 eczenas
|
| 655 |
|
9 |
|a Czech short stories
|2 eczenas
|
| 910 |
2 |
|
|a BOA001
|b 1-1314.635
|
| 990 |
|
|
|a BK
|
| 995 |
|
|
|a 01
|
| 991 |
|
|
|b 201312
|c NOV
|e n
|
| 996 |
6 |
|
|b 2610570554
|c 1-1314.635
|l MZK
|r Sklad / do 1 hodiny
|n 1
|p p.v.
|w 001384514
|u 000010
|a 1
|e BOA001
|j MZK50
|s P
|